[Event "IOM Open-Masters 2017"]
[Site "Douglas"]
[Date "2017.09.22"]
[Round "1"]
[White "Movsesian, Sergei"]
[Black "Harsha Bharathakoti"]
[Result "1/2-1/2"]
[WhiteElo "2671"]
[BlackElo "2394"]
[Annotator "TA"]
[PlyCount "84"]
[EventDate "2017.??.??"]
[EventType "swiss"]
[EventCountry "GBR"]
[SourceTitle "playchess.com"]
[Source "ChessBase"]
[SourceQuality "1"]

{[%evp 23,84,-1,-12,-34,-31,-56,-53,-54,-21,-26,-28,-31,-27,-38,-42,-70,-37,-85,-50,-115,-111,-137,-137,-137,-135,-133,-127,-132,-127,-124,-112,-114,-118,-133,-78,-80,-73,-68,-62,-62,-62,-62,-65,-67,-61,-85,-77,-82,-80,-79,-79,-79,-79,-79,-77,-83,0,-82,-84,-82,-46,-48,-37]} 1. e4 c5 2. Nf3 d6 3. d4 cxd4 4. Nxd4 Nf6 5. Nc3 a6 6. h3 e6 7. g4 Be7 8. Bg2 Nfd7 {B81: Sicilian Scheveningen: Keres Attack} 9. Be3 (9. O-O Nc6 10. Nxc6 bxc6 11. f4 O-O 12. Be3 d5 13. g5 a5 14. Na4 Ba6 15. Rf2 Bb5 16. Nc3 {½-½ (41) Fedoseev,V (2665)-Grischuk,A (2752) Novosibirsk 2016}) 9... Nc6 10. Qe2 Nxd4 11. Bxd4 O-O 12. O-O b5 {LiveBook: 9 Games} 13. a3 Bb7 14. Rad1 Qc7 $146 ({Predecessor:} 14... Rc8 15. f4 Qc7 16. Qf2 {½-½ (47) Gu,T (2164)-Wang,J (2384) Xinghua 2014}) 15. f4 e5 16. Be3 exf4 17. Bxf4 Rac8 18. Kh1 Ne5 19. Rc1 Nc4 20. Nd1 Bf6 21. c3 ({White should try} 21. b3 $1 $15 Ne5 22. g5) 21... Rfe8 $17 22. Qd3 Qe7 23. b3 Ne5 ({Much less strong is} 23... Nxa3 24. Qxd6 Bxe4 25. Qxe7 $15) 24. Bxe5 Qxe5 25. Ne3 Rxc3 26. Rxc3 Qxc3 27. Qxc3 Bxc3 28. Rc1 Bd2 (28... Be5 $142 {aiming for ...g6.} 29. Rc7 Ba8) 29. Rc7 {[#] Black must now prevent Nf1.} Bxe3 30. Rxb7 {[%mdl 4096] Endgame KRB-KRB} Rc8 31. Bf1 $1 g6 32. a4 $1 Rc1 33. Kg2 Rc2+ 34. Kf3 Bd4 35. Be2 Rc3+ 36. Kg2 Re3 37. Bf1 Rxb3 {And now ...Rb2+ would win.} 38. axb5 Rb2+ 39. Kg3 Rb3+ 40. Kg2 {[#]} axb5 $1 41. Bxb5 Be5 42. Bc6 Rxb7 {Precision: White = 62%, Black = 65%.} 1/2-1/2

[Event "IOM Open-Masters 2017"]
[Site "Douglas"]
[Date "2017.09.22"]
[Round "1"]
[White "Adhiban, B.."]
[Black "Gelfand, Boris"]
[Result "1/2-1/2"]
[WhiteElo "2670"]
[BlackElo "2737"]
[Annotator "TA"]
[PlyCount "66"]
[EventDate "2017.??.??"]
[EventType "swiss"]
[EventCountry "GBR"]
[SourceTitle "playchess.com"]
[Source "ChessBase"]
[SourceQuality "1"]

{[%evp 21,66,17,20,6,16,20,24,24,29,9,19,14,26,13,10,11,39,45,44,0,2,1,4,-6,4,4,4,6,4,6,3,3,2,2,8,8,8,8,20,0,0,0,0,0,0,-4,-4]} 1. e4 c5 2. Nc3 Nc6 3. Nf3 g6 4. d4 cxd4 5. Nxd4 Bg7 6. Be3 Nf6 7. Bc4 O-O 8. Bb3 d5 9. exd5 {B35: Sicilian: Accelerated Dragon with 5 Nc3: main line} Na5 10. O-O Nxb3 11. Nxb3 b6 {LiveBook: 9 Games} 12. d6 e6 $146 ({Predecessor:} 12... Qxd6 13. Qxd6 exd6 14. Rfe1 Bf5 15. Nd4 Bd7 16. h3 a6 {½-½ (40) Oparin,G (2616)-Gelfand,B (2725) Moscow 2016}) 13. Qf3 Rb8 14. Rad1 Bb7 15. Qh3 Nd5 16. Nxd5 Bxd5 17. Bd4 Bxd4 18. Rxd4 Rc8 19. Qh6 {[#] Black must now prevent Rh4.} Qf6 ({Wrong is} 19... Rxc2 $2 20. Rh4 $18) 20. Rc1 b5 {The position is equal.} 21. Rh4 {[%csl Gh4][%cal Rh6h7]} Qg7 22. Qxg7+ Kxg7 23. Rb4 a6 24. a4 bxa4 25. Na5 a3 26. bxa3 {aiming for c4.} Rc5 27. Nb7 Rb5 28. Rxb5 axb5 $11 {KRB-KRN} 29. Nc5 Rd8 30. d7 Kf6 31. Rb1 Bc6 $1 32. Rb4 Bxd7 33. Nxd7+ Rxd7 {Precision: White = 69%, Black = 82%.} 1/2-1/2

[Event "IOM Open-Masters 2017"]
[Site "Douglas"]
[Date "2017.09.23"]
[Round "1"]
[White "Jones, Gawain C B"]
[Black "Brown, Michael William"]
[Result "1/2-1/2"]
[WhiteElo "2668"]
[BlackElo "2499"]
[Annotator "TA"]
[PlyCount "71"]
[EventDate "2017.??.??"]
[EventType "swiss"]
[EventCountry "GBR"]
[SourceTitle "playchess.com"]
[Source "ChessBase"]
[SourceQuality "1"]

{[%evp 11,71,18,9,8,20,0,0,0,0,0,0,0,0,0,4,-2,9,10,15,18,37,15,16,17,24,33,45,45,43,-10,-10,-9,0,0,14,8,12,-14,-12,-57,-42,-129,-103,-174,-181,-179,-172,-160,-158,-175,-129,-148,0,0,0,0,0,0,0,0,0,0]} 1. e4 e5 2. Nf3 Nc6 3. d4 exd4 4. Nxd4 Bc5 5. Nxc6 Qf6 6. Qf3 bxc6 7. Nd2 {C45: Scotch Game} (7. Nc3 d6 8. Qg3 h5 9. h4 Bd4 10. Bg5 Qe5 11. Qxe5+ Bxe5 12. O-O-O Bxc3 13. bxc3 Be6 14. Rd4 f6 {½-½ (71) Nepomniachtchi,I (2751)-Le,Q (2739) Saint Louis 2017}) 7... d6 8. Nb3 Bb6 9. a4 a5 10. Bd2 Qxf3 11. gxf3 Ne7 12. Rg1 O-O 13. Be3 Bxe3 14. fxe3 g6 15. h4 {[%cal Bh2h4,Bh4h5][%mdl 32]} f5 $146 16. h5 fxe4 17. fxe4 Kg7 18. O-O-O Rf3 19. hxg6 hxg6 20. Rg5 (20. Nd4 $14 Rxe3 21. Bd3) 20... Rxe3 $11 21. Bg2 Kf6 22. Rxa5 Rxa5 23. Nxa5 g5 {[%cal Bg6g5,Bg5g4][%mdl 32]} 24. b4 g4 25. Kd2 Ra3 26. e5+ (26. Rf1+ $15 Kg7 27. e5) 26... dxe5 $17 27. Rf1+ {[#]} (27. Nxc6 $17 {was necessary.} Rxa4 28. Rf1+ Nf5 29. Be4) 27... Bf5 $1 $19 28. Nxc6 {[#]} Ng6 $1 29. Be4 Nf4 30. Bxf5 Kxf5 $17 {[%mdl 4096] Endgame KRN-KRN} 31. Re1 e4 ({Weaker is} 31... Rxa4 32. Rxe5+ Kf6 33. Ra5 $14) ({Black should play} 31... g3 $17 {Strongly threatening ...g2.} 32. Nxe5 Rxa4) 32. Nd4+ $11 {The position is equal.} Ke5 33. Nc6+ Kf5 {And now ...Nd5 would win.} 34. Nd4+ Ke5 35. Nc6+ Kf5 {White must now prevent ...Nd5.} 36. Nd4+ {Precision: White = 53%, Black = 62%.} 1/2-1/2

[Event "IOM Open-Masters 2017"]
[Site "Douglas"]
[Date "2017.09.23"]
[Round "1"]
[White "Akobian, Varuzhan"]
[Black "Nihal Sarin"]
[Result "1/2-1/2"]
[WhiteElo "2662"]
[BlackElo "2483"]
[Annotator "TA"]
[PlyCount "63"]
[EventDate "2017.??.??"]
[EventType "swiss"]
[EventCountry "GBR"]
[SourceTitle "playchess.com"]
[Source "ChessBase"]
[SourceQuality "1"]

{[%evp 17,63,20,20,10,6,6,10,8,8,12,7,7,7,2,12,-25,-20,-27,-22,-20,-18,-18,-16,-29,0,0,0,0,-4,-7,0,0,0,-6,-6,-12,-5,-8,0,0,0,0,0,0,0,0,0,-4]} 1. d4 Nf6 2. c4 e6 3. Nf3 b6 4. g3 Bb4+ 5. Bd2 Bxd2+ 6. Qxd2 Ba6 7. b3 c6 8. Bg2 d5 9. Ne5 {E15: Queen's Indian: 4 g3 sidelines, 4 g3 Ba6 and 4 g3 Bb7 early deviations} O-O {LiveBook: 7 Games} 10. Qc3 $146 ({Predecessor:} 10. Nc3 Nfd7 11. O-O Nxe5 12. dxe5 Nd7 13. f4 Qe7 14. Rfd1 Rad8 15. cxd5 cxd5 16. Rac1 f6 17. exf6 Nxf6 18. Qd4 Rfe8 19. Bf3 Rc8 20. Qa4 Qb7 21. a3 Rc5 22. f5 Qc8 23. fxe6 Rxe6 24. b4 Rc4 25. Qb3 Kh8 26. b5 Bb7 27. Na2 {½-½ (27) Sargissian,G (2689)-Hracek,Z (2598) Gjakova 2016}) 10... Bb7 11. O-O Nbd7 12. Nxd7 Qxd7 13. Nd2 c5 14. Rfd1 Rfd8 15. Rac1 Rac8 16. dxc5 d4 17. c6 Bxc6 ({Reject} 17... dxc3 18. cxd7 Rxd7 19. Bxb7 $14) 18. Qd3 Bxg2 19. Kxg2 e5 20. Qf3 Re8 21. Ne4 {The position is equal.} Nxe4 22. Qxe4 f5 23. Qd3 Red8 24. b4 a5 25. bxa5 bxa5 26. c5 Qd5+ 27. Kg1 Rxc5 28. Rxc5 Qxc5 29. Qxf5 Qd5 30. a3 e4 31. Qxd5+ Rxd5 32. f3 {Precision: White = 61%, Black = 76%.} 1/2-1/2

[Event "IOM Open-Masters 2017"]
[Site "Douglas"]
[Date "2017.09.23"]
[Round "1"]
[White "Granda Zuniga, Julio E"]
[Black "Hopson, Kevin Mike"]
[Result "1-0"]
[WhiteElo "2653"]
[BlackElo "1929"]
[Annotator "TA"]
[PlyCount "65"]
[EventDate "2017.??.??"]
[EventType "swiss"]
[EventCountry "GBR"]
[SourceTitle "playchess.com"]
[Source "ChessBase"]
[SourceQuality "1"]

{[%evp 15,64,9,9,8,8,12,41,33,64,60,62,43,49,42,79,60,100,92,66,68,91,65,94,79,86,83,120,108,111,112,144,140,135,131,120,126,127,132,122,104,121,105,200,149,134,135,457,456,2886,2570,29999]} 1. f4 d5 2. Nf3 Nf6 3. b3 c5 4. e3 Nc6 5. Bb5 Bd7 6. Bb2 e6 7. O-O a6 8. Bxc6 {A03: Bird's Opening with 1...d5} Bxc6 {LiveBook: 3 Games} 9. Ne5 Qc7 10. d3 {The position is equal.} h5 11. Nd2 Nd7 12. Nxc6 Qxc6 13. Qe2 f6 14. c4 $146 ({Predecessor:} 14. a4) 14... Be7 15. Rac1 h4 16. cxd5 Qxd5 17. h3 Qh5 18. Nf3 O-O 19. d4 Rac8 20. Rfd1 Nb6 21. e4 cxd4 22. Bxd4 (22. Nxd4 $6 Qxe2 23. Nxe2 Rxc1 $11) 22... Bc5 23. Bf2 Nd7 {[%cal Bb6d7,Bd7b8,Bb8c6][%mdl 32]} 24. b4 Bxf2+ 25. Qxf2 Qb5 26. Qd2 {[#] And now Rxc8 would win.} ({Don't play} 26. Qxh4 $6 Rxc1 27. Rxc1 Qxb4 $14) 26... Nb8 27. a3 Nc6 28. Qa2 Rce8 (28... Rfe8 $16) 29. Rd6 Qb6+ 30. Rc5 Kf7 $2 {[%mdl 8192]} (30... Qc7 $16 {is a better chance.} 31. Rxe6 Qf7) 31. f5 $18 Qc7 (31... Kg8 $142 32. fxe6 a5) 32. Rxe6 {[#] Intending Ree5+ and mate.} Rxe6 33. Qxe6# {Precision: White = 85%, Black = 24%.} 1-0

[Event "IOM Open-Masters 2017"]
[Site "Douglas"]
[Date "2017.09.23"]
[Round "1"]
[White "Sargissian, Gabriel"]
[Black "Huschenbeth, Niclas"]
[Result "1-0"]
[WhiteElo "2652"]
[BlackElo "2596"]
[Annotator "TA"]
[PlyCount "75"]
[EventDate "2017.??.??"]
[EventType "swiss"]
[EventCountry "GBR"]
[SourceTitle "playchess.com"]
[Source "ChessBase"]
[SourceQuality "1"]

{[%evp 22,75,25,8,21,14,10,8,8,0,9,0,0,0,0,0,0,0,15,25,18,23,16,18,27,28,29,30,31,45,40,37,367,363,540,531,569,309,572,566,550,531,591,377,581,470,474,464,420,432,874,859,893,886,891,891]} 1. d4 d5 2. c4 dxc4 3. e4 Nf6 {[%cal Bg8f6,Bf6d5,Bd5b6][%mdl 32]} 4. e5 Nd5 5. Bxc4 Nb6 6. Bd3 Nc6 7. Ne2 Bg4 8. f3 {D20: Queen's Gambit Accepted: 3 e3 and 3 e4} Bh5 9. Nbc3 e6 10. Be4 Bg6 11. O-O Be7 12. Be3 {LiveBook: 14 Games} Bxe4 13. fxe4 Bg5 {[#]} 14. Qc1 $146 ({Predecessor:} 14. Bf2 O-O 15. Kh1 Nc4 {1-0 (46) Bacrot,E (2718)-Harikrishna,P (2727) Beijing 2014}) 14... Bxe3+ 15. Qxe3 Qe7 16. Nf4 {[%cal Be2f4,Bf4h3,Bh3g5][%mdl 32]} O-O-O 17. Nce2 Rd7 18. Rac1 Rhd8 19. a3 g5 20. Nh3 Nxd4 21. Nxd4 Rxd4 22. Nxg5 Nc4 23. Qf4 $36 {[%mdl 2048] White is pushing.} Nxb2 {[#] Strongly threatening ...Nd3.} 24. Qxf7 R4d7 $1 25. Qxe7 Rxe7 26. Nf7 Nd3 $2 {[%mdl 8192] [#]} (26... Rd4 $14) 27. Rc3 $1 $18 ({Not} 27. Nxd8 Nxc1 28. Rf8 (28. Rxc1 Kxd8 29. Kf2 b6 $11) 28... Kd7 $14) 27... Red7 (27... Nxe5 $142 28. Nxe5 c6) 28. Nxd8 Kxd8 {[%mdl 4096] Endgame KRR-KRN} 29. Rf8+ Ke7 30. Rh8 Nxe5 31. Rxh7+ Nf7 32. Kf2 Kf6 (32... Kf8 {keeps fighting.} 33. h4 Kg8) 33. Ke2 Kg6 34. Rh4 Kg5 35. Rhh3 Nd6 (35... Ne5 $142 36. Rc5 Kf6 37. Rh6+ Ng6) 36. Rcg3+ Kf4 37. Rh4+ Ke5 38. Rh5+ {Precision: White = 82%, Black = 51%.} 1-0

[Event "IOM Open-Masters 2017"]
[Site "Douglas"]
[Date "2017.09.23"]
[Round "1"]
[White "Shirov, Alexei"]
[Black "Birkisson, Bjorn Holm"]
[Result "1-0"]
[WhiteElo "2630"]
[BlackElo "2023"]
[Annotator "TA"]
[PlyCount "57"]
[EventDate "2017.??.??"]
[EventType "swiss"]
[EventCountry "GBR"]
[SourceTitle "playchess.com"]
[Source "ChessBase"]
[SourceQuality "1"]

{[%evp 19,57,51,51,46,101,115,113,124,115,110,103,104,131,104,118,134,583,584,570,559,565,484,554,535,1234,1227,1834,1768,1641,611,591,585,559,543,548,551,550,550,546,541]} 1. e4 c5 2. Nf3 d6 3. d4 cxd4 4. Nxd4 Nf6 5. Nc3 g6 6. Be3 Bg7 7. f3 O-O 8. Qd2 Nc6 9. g4 Be6 10. Nxe6 fxe6 11. O-O-O {B76: Sicilian Dragon: Yugoslav Attack, 9 g4 and 9 0-0-0} Qc8 ({Better is} 11... Ne5 $14) (11... Ne5 12. Be2 Qc8 13. Bh6 Bxh6 14. Qxh6 Qc5 15. h4 Rac8 16. Qd2 Kh8 17. Kb1 b5 18. Nxb5 Nxf3 19. Bxf3 Qxb5 20. g5 {½-½ (64) Tukhaev,A (2564)-Mamedov,R (2650) Minsk 2015}) 12. h4 $16 {[%cal Bh2h4,Bh4h5][%mdl 32]} Ne5 13. h5 $146 {White is better.} ({Predecessor:} 13. Be2 Nc4 14. Bxc4 Qxc4 15. Bh6 b5 16. Bxg7 Kxg7 17. h5 b4 18. hxg6 hxg6 {½-½ (39) Bagi,M (2455)-Cebalo,M (2320) Zalakaros 2017}) 13... Nxf3 14. Qg2 Ne5 15. hxg6 hxg6 16. Be2 Nc4 {[#]} 17. Bd4 $1 {[%mdl 1024] White has strong compensation.} d5 $2 {[%mdl 8192]} (17... g5 $16) 18. e5 $18 {White is clearly winning.} Nd7 19. Qh2 {Hoping for Qh7+.} Rf7 20. Qh7+ Kf8 21. Rdf1 {Black must now prevent Rxf7+.} Bf6 22. Qh6+ Bg7 23. Qxg6 {[%csl Gf1][%cal Rg6f7]} Qe8 24. Rxf7+ (24. Bxc4 $142 a6 25. Nxd5) 24... Qxf7 25. Rf1 {[%csl Gf1][%cal Rg6f7]} Bf6 26. Qxf7+ Kxf7 27. exf6 exf6 28. Bxc4 dxc4 {[#]} 29. Bxf6 $1 {[%mdl 512] Precision: White = 85%, Black = 38%.} 1-0

[Event "IOM Open-Masters 2017"]
[Site "Douglas"]
[Date "2017.09.23"]
[Round "1"]
[White "Sethuraman, S.P"]
[Black "Donchenko, Alexander"]
[Result "1-0"]
[WhiteElo "2617"]
[BlackElo "2559"]
[Annotator "TA"]
[PlyCount "73"]
[EventDate "2017.??.??"]
[EventType "swiss"]
[EventCountry "GBR"]
[SourceTitle "playchess.com"]
[Source "ChessBase"]
[SourceQuality "1"]

{[%evp 9,73,35,33,17,70,70,67,72,84,41,137,136,164,177,166,157,170,145,160,126,136,100,132,130,134,137,129,132,138,132,130,135,199,199,199,195,201,201,200,192,185,187,252,224,754,735,842,838,1000,969,1095,1100,1083,1050,1457,1296,5273,1109,1257,1235,5814,5800,5281,5520,4910,4305]} 1. Nf3 Nf6 2. g3 b5 3. e3 a6 4. b3 Bb7 5. c4 bxc4 $146 ({Predecessor:} 5... b4 6. Bg2 e6 7. O-O Be7 8. d4 O-O 9. Bb2 d6 10. Nbd2 Nbd7 {0-1 (49) Kramnik,V (2812)-Caruana,F (2804) Paris 2016}) 6. bxc4 {A05: Réti Opening: 1 Nf3 Nf6} e5 (6... e6 $11) 7. Bg2 e4 8. Nh4 {White is slightly better.} Nc6 9. Bb2 Bd6 (9... Rb8 $14) 10. O-O $16 O-O {[#]} 11. Bxf6 $1 Qxf6 12. Nc3 Qe6 13. Bxe4 Qxc4 14. Qb1 ({But not} 14. Qh5 $6 g6 $11) 14... g6 15. Rc1 ({Of course not} 15. Qxb7 $6 Rfb8 $11) 15... Rfb8 16. Nd5 Qa4 17. Nf6+ Kg7 18. Nxd7 Ne5 19. Bxb7 Qxd7 20. Qe4 f5 (20... Ra7 $16) 21. Qd5 $18 Ra7 22. Bc6 Nxc6 23. Rxc6 {[#] Threatens to win with Qd4+.} Rb4 24. Nf3 Qf7 25. Qd3 $36 {[%mdl 2048] Black is under strong pressure.} Ra4 (25... Qe7 $142 26. Qc3+ Kg8) 26. Qc2 Ra3 $2 (26... Rb4 27. Qc3+ Qf6) 27. Qb2+ {White is clearly winning.} Qf6 28. Nd4 Ra4 29. Qb8 Rxd4 30. exd4 Qxd4 31. Rac1 f4 32. R1c4 Qxd2 33. Qxa7 Qd1+ 34. Kg2 f3+ 35. Kh3 Qf1+ 36. Kg4 h5+ 37. Kxf3 {Precision: White = 96%, Black = 31%.} 1-0

[Event "IOM Open-Masters 2017"]
[Site "Douglas"]
[Date "2017.09.23"]
[Round "1"]
[White "Bogner, Sebastian"]
[Black "Wallace, John Paul"]
[Result "0-1"]
[WhiteElo "2599"]
[BlackElo "2413"]
[Annotator "TA"]
[PlyCount "92"]
[EventDate "2017.??.??"]
[EventType "swiss"]
[EventCountry "GBR"]
[SourceTitle "playchess.com"]
[Source "ChessBase"]
[SourceQuality "1"]

{[%evp 14,92,41,13,35,31,29,41,27,35,25,23,26,17,38,18,47,22,60,7,19,17,35,38,50,47,59,2,41,43,45,25,21,32,25,39,55,17,16,0,0,0,0,0,0,-58,-52,-53,-48,-81,-80,-102,-103,-187,-172,-393,-394,-393,-386,-29978,-29979,-29980,-29981,-29981,-29982,-29981,-29982,-29988,0,-403,0,-29988,-206,-29989,-29990,-29993,-29994,-29995,-606,-29996,-29997]} 1. e4 e5 2. Nf3 Nc6 3. Bc4 Bc5 4. O-O Nf6 5. d3 d6 6. c3 O-O 7. h3 Be6 {C54: Italienische Partie (Hauptvariante)} (7... a6 8. a4 Ba7 9. Re1 h6 10. Nbd2 Be6 11. Bxe6 fxe6 12. b4 Qe8 13. Nf1 Nh5 14. Be3 Bxe3 15. Rxe3 Nf4 {1-0 (63) Karjakin,S (2773)-So,W (2810) Saint Louis 2017}) 8. Nbd2 {LiveBook: 6 Partien} Re8 9. b4 Bb6 {Weiß steht etwas besser.} 10. a4 a6 11. Bxe6 Rxe6 $146 ({Vorgänger:} 11... fxe6 12. Re1 Ne7 13. Qb3 Ng6 14. d4 exd4 15. cxd4 {½-½ (57) Farhat,B-Petrovich,I Menorca 1996}) 12. Re1 d5 13. Qc2 h6 14. Rb1 Qe8 15. Nf1 Rd8 16. Be3 (16. exd5 $14 Rxd5 17. b5) 16... Bxe3 17. Nxe3 Ne7 18. c4 dxe4 19. dxe4 Qc6 20. Nf5 (20. b5 $14 Qc5 21. Nd2) 20... Nc8 21. c5 Kh7 22. b5 axb5 23. axb5 Qe8 24. Ne3 Kg8 25. Nc4 {Droht Sa5.} b6 $1 26. Qc3 {[%cal Rf3e5]} bxc5 27. Ncxe5 Nd6 $1 28. Qxc5 {Schwarz muss nun Sc6 beachten.} Nfxe4 29. Qc2 (29. Qxc7 $11 Rc8 30. Qa7) 29... Rxe5 $15 30. Nxe5 Qxe5 31. Qxc7 Rc8 32. Qb6 Rc5 $36 {[%mdl 2048] Schwarz bestimmt, wo es lang geht.} 33. Rb4 {[#]} (33. Qd8+ $17 {war einen Versuch wert.} Kh7 34. Qh4) 33... f5 $1 $19 34. Qd8+ $2 (34. Qa6 {ist eine bessere Verteidigung.}) 34... Kh7 35. b6 {Und b7 würde nun gewinnen.} Qf4 36. Rf1 $2 (36. Rbxe4 $19 fxe4 37. b7) 36... Rc1 37. Rxe4 Nxe4 38. Rxc1 Qxc1+ 39. Kh2 Qf4+ 40. Kh1 Qc1+ (40... Nxf2+ $142 41. Kg1 Qe3 42. Qe7 Nxh3+ 43. Kh2 Qxe7 44. b7 Qxb7 45. Kxh3 f4 46. Kg4 Qe4 47. Kh3 g5 48. Kh2 g4 49. g3 f3 50. Kg1 Qe2 51. Kh1 Qg2#) 41. Kh2 Qf4+ (41... Nxf2 $19 42. Qd5 Qh1+ 43. Kg3 Ne4+ 44. Kf4 Qf1+ 45. Ke5 Qxg2) 42. Kh1 Nxf2+ 43. Kg1 {[#]} Qe3 $1 44. Kh2 Qe5+ 45. Kg1 Qe1+ 46. Kh2 f4 {Precision: Weiß = 45%, Schwarz = 64%.} 0-1

[Event "IOM Open-Masters 2017"]
[Site "Douglas"]
[Date "2017.09.23"]
[Round "1"]
[White "Tregubov, Pavel V"]
[Black "Krishna, C R G"]
[Result "0-1"]
[WhiteElo "2589"]
[BlackElo "2367"]
[Annotator "TA"]
[PlyCount "92"]
[EventDate "2017.??.??"]
[EventType "swiss"]
[EventCountry "GBR"]
[SourceTitle "playchess.com"]
[Source "ChessBase"]
[SourceQuality "1"]

{[%evp 13,92,22,27,18,19,20,21,29,22,22,13,-97,-97,-89,-97,-88,-88,-103,-88,-88,-91,-90,-90,-91,-95,-95,-95,-118,-115,-120,-122,-125,-119,-135,-121,-116,-63,-104,-25,-66,-66,-71,-73,-64,-64,-64,0,-16,-12,-97,-97,-156,-148,-156,-158,-200,-214,-715,-698,-619,-497,-970,-760,-1183,-1160,-1046,-997,-759,-362,-712,-329,-298,-293,-446,-440,-621,-617,-1191,-1112,-620,-572]} 1. d4 d5 2. c4 c6 3. Nf3 Nf6 4. e3 Bf5 5. Nc3 a6 6. Bd3 {D15: Slav Defence: 4 Nc3 a6 and gambit lines after 4 Nc3 dxc4} (6. Be2 h6 7. Qb3 b5 8. cxd5 cxd5 9. a4 b4 10. Qxb4 Nc6 11. Qb3 e6 12. O-O Bd6 13. a5 O-O {½-½ (102) Wojtaszek,R (2736)-Fedoseev,V (2726) Dortmund 2017}) 6... Bg6 7. O-O e6 {LiveBook: 27 Games} 8. a3 {White has an edge.} Nbd7 9. Bxg6 hxg6 10. Qd3 Qc7 $146 ({Predecessor:} 10... Bd6 11. h3 O-O 12. e4 dxc4 13. Qxc4 e5 {1-0 (56) Tregubov,P (2584)-Aeschbach,P (2249) Flims 2016}) 11. h3 Rd8 12. e4 {[#]} (12. b4 $11 {remains equal.}) 12... Nc5 $1 $17 {[%cal Rc5d3][%mdl 512]} 13. dxc5 {aiming for cxd5.} dxe4 14. Qe2 exf3 15. Qxf3 Bxc5 16. Bf4 Bd6 17. Bxd6 Rxd6 18. Rad1 Rxd1 19. Rxd1 Ke7 20. Ne4 Rd8 21. Rxd8 Qxd8 22. Nxf6 gxf6 {[%mdl 4096] Endgame KQ-KQ} 23. c5 Kd7 24. h4 f5 (24... Ke7 $17 25. g3 e5) 25. g3 Qe7 ({Better is} 25... Kc8 $17 26. Qc3 f4 $1 {[%mdl 512]}) 26. b4 Kc8 27. Qe3 Qf6 28. Kg2 Kb8 29. Qd2 e5 30. Qd7 e4 31. Kh3 (31. a4 $11) 31... Ka7 32. Qc7 ({White should try} 32. Kg2) 32... Qd4 $1 33. Kg2 {[#]} Qd2 $1 34. Qe7 {[#]} Qd5 $1 {White must now prevent ...e3+.} 35. Kh2 $2 (35. Qd6) 35... Qa2 $19 36. Kg1 Qxa3 37. Qxf7 (37. g4 $142 fxg4 38. Qxe4) 37... e3 38. fxe3 Qxe3+ 39. Kg2 Qe2+ 40. Kg1 Qg4 (40... Qe1+ $142 41. Kg2 Qe4+ 42. Kf2 Qxb4 43. Qxg6 Qxc5+ 44. Ke2 a5) 41. Kh2 $2 (41. Kf2) 41... g5 (41... Qxb4 $142 42. Qxg6 a5 43. Qxf5 a4) 42. Qe7 gxh4 ({Not} 42... Qxb4 43. hxg5 Qd2+ 44. Kh3 $17) 43. gxh4 (43. Qxh4 $142 Qe2+ 44. Kg1) 43... Qxb4 {...a5 is the strong threat.Black is clearly winning.} 44. Qg5 (44. Qd8 $142 Qxc5 45. Qd2) 44... f4 45. h5 Qd2+ 46. Qg2 Qe3 {Precision: White = 34%, Black = 69%.} 0-1

[Event "IOM Open-Masters 2017"]
[Site "Douglas"]
[Date "2017.09.23"]
[Round "1"]
[White "Ju, Wenjun"]
[Black "Balint, Vilmos"]
[Result "1-0"]
[WhiteElo "2574"]
[BlackElo "2281"]
[Annotator "TA"]
[PlyCount "79"]
[EventDate "2017.??.??"]
[EventType "swiss"]
[EventCountry "GBR"]
[SourceTitle "playchess.com"]
[Source "ChessBase"]
[SourceQuality "1"]

{[%evp 17,79,40,62,47,46,9,2,-1,0,-11,-8,-7,14,-8,0,-2,31,25,48,48,51,19,13,10,11,15,27,0,0,0,19,31,47,68,29,18,64,47,51,58,77,58,248,247,251,238,736,720,1141,1115,808,371,1900,1736,1461,929,1322,421,412,389,381,380,380,365]} 1. d4 f5 2. g3 Nf6 3. Bg2 g6 4. Nf3 Bg7 5. O-O O-O 6. c4 d6 7. Nc3 Qe8 8. Nd5 Nxd5 9. cxd5 c6 10. dxc6 {A87: Holländische Verteidigung (Leningrader Variante)} bxc6 (10... Nxc6 11. d5 Ne5 12. Nxe5 Bxe5 13. Bh6 Rf7 14. Qd2 Qb5 15. Rab1 Qa4 16. b3 Qd4 17. Rfc1 Qxd2 18. Bxd2 {1-0 (28) Tregubov,P (2616)-Malaniuk,V (2550) Calvi 2014}) 11. d5 c5 12. Ng5 {Die Stellung ist ausgeglichen.} Na6 13. h4 $146 ({Vorgänger:} 13. Rb1 Rb8 14. e4 Nc7 15. Re1 h6 16. Nh3 fxe4 17. Nf4 Qf7 18. Bxe4 {0-1 (43) Buhmann,R (2386)-Berkvens,J (2268) Oropesa del Mar 1999}) 13... Rb8 14. Rb1 Nc7 15. Qc2 h6 16. Nh3 $1 e5 17. dxe6 $1 Bxe6 18. b3 Bf7 19. Rd1 Nb5 20. Bb2 Nd4 21. Bxd4 $1 cxd4 22. Nf4 Rc8 23. Qd2 Rc5 24. Rbc1 Qb5 25. Rxc5 dxc5 26. Rc1 Rd8 27. e4 d3 28. exf5 gxf5 29. Bf1 {[%cal Rf1d3]} Be5 $2 {[#]} ({Lieber} 29... c4 $14) 30. Nxd3 $18 c4 31. bxc4 Bxc4 $2 (31... Qa6 32. c5 Qf6) 32. Qxh6 Rxd3 33. Qg6+ Kf8 34. Rxc4 (34. Qxf5+ $142 Ke7 35. Qh7+ Kf6 36. Rxc4 Qxc4 37. Qh8+ Kf7 38. Qxe5 Rxg3+ 39. fxg3) 34... Rd1 $2 (34... Qxc4 35. Qxf5+ Qf7 36. Qxd3 Qf6) 35. Qxf5+ Ke7 36. Qe4 Kd6 37. Kg2 (37. Qg6+ $142 Ke7 38. Qg5+ Kd6 {[#]} 39. Rd4+ $1 {[%mdl 512]} Bxd4 40. Qxb5) 37... Qd5 38. Qxd5+ {Weiß steht auf Gewinn.} Rxd5 39. Rc2 a5 40. a4 {Precision: Weiß = 68%, Schwarz = 33%.} 1-0